[Event "XXXI Festival Conca della Presolana A"]
[Site "Bratto - Castione della Presolana ITA"]
[Date "2011.08.24"]
[Round "5"]
[White "Bemporad, Filippo"]
[Black "Gonella, Daniele"]
[Result "1-0"]
[WhiteElo "2068"]
[BlackElo "2067"]
[PlyCount "89"]
[EventDate "2011.08.20"]

1. d4 d5 2. Nf3 Nf6 3. c4 e6 4. g3 c5 5. cxd5 exd5 6. Bg2 Nc6 7. O-O Be7 8. Nc3
O-O 9. dxc5 Bxc5 10. Bg5 Be6 11. Qa4 h6 12. Bf4 Qb6 13. Qb5 g5 14. Bd2 Qxb5 15.
Nxb5 Ne4 16. Be1 Rac8 17. Nd2 Nf6 18. Nb3 Bb6 19. Bc3 Ne8 20. Rfd1 a6 21. N5d4
Nc7 22. Rac1 Rfe8 23. Nxc6 bxc6 24. Bd4 Na8 25. e3 Re7 26. Bf1 Ra7 27. Nc5 a5
28. b3 Bg4 29. Rd2 Nc7 30. Na4 Bxd4 31. Rxd4 Bd7 32. Nb6 Rd8 33. Nxd7 Rxd7 34.
Rxc6 Ne6 35. Rd2 d4 36. e4 g4 37. Be2 h5 38. f3 gxf3 39. Bxf3 Ng5 40. Kg2 Rac7
41. Rxc7 Rxc7 42. a4 d3 43. Bxh5 Rc2 44. Rf2 d2 45. Bd1 1-0

[Event "XXXI Festival Conca della Presolana A"]
[Site "Bratto - Castione della Presolana ITA"]
[Date "2011.08.24"]
[Round "5"]
[White "Borgo, Giulio"]
[Black "Bresciani, Nicola"]
[Result "1-0"]
[WhiteElo "2404"]
[BlackElo "2287"]
[PlyCount "100"]
[EventDate "2011.08.20"]

1. c4 Nf6 2. g3 e6 3. Bg2 d5 4. Nf3 Be7 5. O-O O-O 6. b3 c5 7. e3 Nc6 8. Qe2 b6
9. Bb2 Bb7 10. Rd1 dxc4 11. bxc4 Qc7 12. Nc3 a6 13. d3 Rfd8 14. Ne1 Nb4 15. f3
Rab8 16. a3 Nc6 17. f4 Ba8 18. g4 b5 19. g5 Ne8 20. cxb5 axb5 21. Ne4 Qb6 22.
Rab1 Nd6 23. Ng3 c4 24. d4 Bf8 25. Bc3 Ne7 26. e4 Ng6 27. Qf2 Qa7 28. Nc2 Ne8
29. Bb4 Bxb4 30. axb4 Ne7 31. h4 Bc6 32. Ne2 Qb7 33. Nc3 Nd6 34. Re1 Ra8 35.
Rbd1 Ne8 36. f5 Nc7 37. f6 Nc8 38. d5 Bd7 39. fxg7 exd5 40. Nd4 Ra3 41. Rf1 Be8
42. Nxd5 Nxd5 43. exd5 Nd6 44. Ne6 Rda8 45. Nc5 Qc7 46. Qf4 Qb6 47. g6 Kxg7 48.
Qf6+ Kg8 49. gxh7+ Kxh7 50. Rf5 Nxf5 1-0

[Event "XXXI Festival Conca della Presolana A"]
[Site "Bratto - Castione della Presolana ITA"]
[Date "2011.08.24"]
[Round "5"]
[White "Brun, Dario"]
[Black "Marguerettaz, Davy"]
[Result "1/2-1/2"]
[WhiteElo "2265"]
[BlackElo "2160"]
[PlyCount "112"]
[EventDate "2011.08.20"]

1. d4 d5 2. c4 c6 3. Nf3 Nf6 4. Nc3 e6 5. Bg5 dxc4 6. e4 b5 7. e5 h6 8. Bh4 g5
9. Nxg5 hxg5 10. Bxg5 Nbd7 11. exf6 Bb7 12. g3 c5 13. d5 Qb6 14. Bg2 O-O-O 15.
O-O b4 16. Rb1 Qa6 17. dxe6 Bxg2 18. e7 Bxf1 19. Kxf1 Qc6 20. exd8=Q+ Kxd8 21.
Qd5 Qxd5 22. Nxd5 Rxh2 23. Kg1 Rh5 24. f4 Nb6 25. Ne3 b3 26. Kg2 a5 27. Rc1 Kc7
28. a3 Kc6 29. Nxc4 Nxc4 30. Rxc4 Kb5 31. Re4 c4 32. g4 Rh7 33. a4+ Kxa4 34.
Rxc4+ Kb5 35. Rc8 Bc5 36. Rd8 a4 37. f5 Kc4 38. Bc1 Rh4 39. g5 Rg4+ 40. Kf3 Rg1
41. g6 a3 42. Ra8 fxg6 43. Ke2 Rg2+ 44. Ke1 Rg5 45. bxa3 Rxf5 46. Bb2 Kd3 47.
Rd8+ Kc2 48. Rd2+ Kb1 49. Rg2 Rh5 50. Bc3 Bxa3 51. Rxg6 Rh3 52. Bd4 Rh4 53. Bc3
Kc2 54. Rg3 b2 55. Bxb2 Kxb2 56. Rf3 Rh8 1/2-1/2

[Event "XXXI Festival Conca della Presolana A"]
[Site "Bratto - Castione della Presolana ITA"]
[Date "2011.08.24"]
[Round "5"]
[White "Cani, Gazmir"]
[Black "Efroimski, Marsel"]
[Result "1-0"]
[WhiteElo "2114"]
[BlackElo "2235"]
[PlyCount "91"]
[EventDate "2011.08.20"]

1. d4 Nf6 2. Bg5 g6 3. Bxf6 exf6 4. e3 f5 5. Ne2 Bg7 6. g3 h5 7. Bg2 c6 8. c4
d6 9. Nbc3 Nd7 10. O-O h4 11. b4 Nf6 12. Qd3 Ng4 13. b5 hxg3 14. hxg3 Qg5 15.
Rfe1 Kf8 16. bxc6 bxc6 17. Nf4 Ba6 18. Nb5 Qe7 19. Qa3 Bxb5 20. cxb5 g5 21. Nd3
Qf6 22. bxc6 f4 23. Ne5 Nxe5 24. dxe5 Qg6 25. exf4 gxf4 26. Qxd6+ Kg8 27. Qd5
fxg3 28. fxg3 Qf5 29. c7 Bh6 30. Re4 Rc8 31. Rf1 Qe6 32. Rg4+ Bg7 33. Qd8+ Qe8
34. Qf6 Rh7 35. Be4 Kh8 36. Qf5 Rh6 37. Rxg7 Kxg7 38. Qg5+ Rg6 39. Bxg6 fxg6
40. Qf6+ Kg8 41. Qd6 Kh7 42. e6 Qh8 43. Rf7+ Kh6 44. Qf4+ g5 45. Rf6+ Kh5 46.
Qf3+ 1-0

[Event "XXXI Festival Conca della Presolana A"]
[Site "Bratto - Castione della Presolana ITA"]
[Date "2011.08.24"]
[Round "5"]
[White "Cebalo, Miso"]
[Black "Horvath, Jozsef"]
[Result "0-1"]
[WhiteElo "2484"]
[BlackElo "2535"]
[PlyCount "102"]
[EventDate "2011.08.20"]

1. c4 c5 2. g3 g6 3. Bg2 Bg7 4. Nc3 Nc6 5. Nf3 e6 6. O-O Nge7 7. b3 d5 8. Bb2
d4 9. Na4 b6 10. e3 Rb8 11. exd4 Nxd4 12. Nxd4 Bxd4 13. Bxd4 Qxd4 14. Nc3 O-O
15. Qe2 Bb7 16. Rad1 Rfd8 17. Rfe1 Nf5 18. Nb5 Qf6 19. Bxb7 Rxb7 20. Qf3 Rbd7
21. Nc3 Rd3 22. Qf4 Qd4 23. Re4 Qd6 24. Qxd6 R8xd6 25. Nb1 Kg7 26. Kf1 h5 27.
Ke2 Rd8 28. Rc1 R3d7 29. Rc3 Nd4+ 30. Kf1 f5 31. Re1 g5 32. Rd3 Kf6 33. Nc3 g4
34. Rde3 a6 35. Nb1 Rd6 36. Rd1 Nf3 37. Ke2 Nxh2 38. Rh1 Nf3 39. Rxh5 Kg6 40.
Rh1 Nxd2 41. Rd1 Nxb1 42. Rxb1 Rd2+ 43. Ke1 Kf6 44. Re2 R2d4 45. Re3 e5 46. Kf1
e4 47. b4 Rxc4 48. bxc5 bxc5 49. Rb6+ Ke5 50. Rxa6 Rd2 51. Ke1 Rb2 0-1

[Event "XXXI Festival Conca della Presolana A"]
[Site "Bratto - Castione della Presolana ITA"]
[Date "2011.08.24"]
[Round "5"]
[White "Ceccarini, Marco"]
[Black "Rambaldi, Francesco"]
[Result "0-1"]
[WhiteElo "2052"]
[BlackElo "2206"]
[PlyCount "112"]
[EventDate "2011.08.20"]

1. d4 Nf6 2. e3 g6 3. Nf3 Bg7 4. g3 O-O 5. Bg2 d5 6. O-O c5 7. c3 Nc6 8. b3
cxd4 9. cxd4 Bf5 10. Bb2 Rc8 11. Nc3 Nb4 12. Ne1 Re8 13. a3 Nc6 14. Nd3 Na5 15.
Ne5 Ne4 16. Rc1 Nxc3 17. Bxc3 Be6 18. Qe1 Nxb3 19. Rb1 Bxe5 20. Rxb3 Bc7 21.
Qb1 b6 22. Qd3 Bb8 23. Qb5 Bd7 24. Qd3 Bc6 25. Rc1 Qd7 26. Rbb1 Bd6 27. Bb4 e6
28. Bxd6 Qxd6 29. Qa6 Rc7 30. Bf1 Rec8 31. Qd3 Kg7 32. Qc3 Bb5 33. Qb2 Bxf1 34.
Kxf1 Rc4 35. Rxc4 Rxc4 36. h4 Qc6 37. h5 Rc2 38. Qb4 Qc4+ 39. Kg2 Qxb4 40. axb4
Kf6 41. b5 gxh5 42. Rb3 Kg5 43. Kf3 f6 44. Ra3 Rc7 45. e4 h6 46. exd5 exd5 47.
Ra2 Kf5 48. Ra3 h4 49. gxh4 h5 50. Ke3 Kg4 51. Rb3 Re7+ 52. Kd2 Kxh4 53. Rg3
Re4 54. Kd3 Rg4 55. Rf3 Kg5 56. Ke3 h4 0-1

[Event "XXXI Festival Conca della Presolana A"]
[Site "Bratto - Castione della Presolana ITA"]
[Date "2011.08.24"]
[Round "5"]
[White "Cocchi, Andrea"]
[Black "Angelini, Marco"]
[Result "1-0"]
[WhiteElo "2297"]
[BlackElo "2185"]
[PlyCount "107"]
[EventDate "2011.08.20"]

1. Nf3 Nf6 2. c4 c6 3. d4 d5 4. e3 e6 5. Nbd2 Nbd7 6. Bd3 Bd6 7. O-O O-O 8. b3
b6 9. Bb2 Bb7 10. Qe2 Qe7 11. e4 dxe4 12. Nxe4 Nxe4 13. Qxe4 f5 14. Qe2 c5 15.
Rad1 Rad8 16. Rfe1 Rde8 17. Bc2 Nf6 18. Ne5 cxd4 19. Bxd4 Bb4 20. Rf1 Rd8 21.
Bb2 Ne4 22. Bxe4 Bxe4 23. f3 Bb7 24. Nd3 Bd6 25. Rfe1 Rfe8 26. Be5 Ba3 27. Nf4
Bb4 28. Rf1 Bd6 29. h3 Qc7 30. Nd3 a6 31. Qe3 Bc8 32. Kh1 Rd7 33. Bd4 b5 34.
Ne5 Bxe5 35. Bxe5 Qc6 36. Rxd7 Qxd7 37. cxb5 axb5 38. Rc1 Qd5 39. Qc3 Bd7 40.
Qe1 Re7 41. Kh2 h6 42. Rc7 Rf7 43. Qc3 Qd1 44. Qe3 Kh7 45. Ra7 Kg6 46. Bd4 Kh7
47. a4 bxa4 48. bxa4 Qb1 49. Qe5 Qb3 50. a5 Qd5 51. Qxd5 exd5 52. a6 Kg8 53.
Rc7 Bb5 54. a7 1-0

[Event "XXXI Festival Conca della Presolana A"]
[Site "Bratto - Castione della Presolana ITA"]
[Date "2011.08.24"]
[Round "5"]
[White "Codenotti, Marco"]
[Black "Ranfagni, Stefano"]
[Result "1-0"]
[WhiteElo "2323"]
[BlackElo "2006"]
[PlyCount "133"]
[EventDate "2011.08.20"]

1. e4 e6 2. d4 d5 3. Nd2 Nf6 4. e5 Nfd7 5. Bd3 c5 6. c3 Nc6 7. Ne2 cxd4 8. cxd4
f6 9. exf6 Nxf6 10. Nf3 Bd6 11. O-O O-O 12. Bf4 Bxf4 13. Nxf4 Qd6 14. Ne2 Bd7
15. Re1 Rae8 16. Ng3 e5 17. dxe5 Nxe5 18. Nxe5 Rxe5 19. Rxe5 Qxe5 20. Qe2 Qxe2
21. Nxe2 Ng4 22. f3 Ne5 23. Bc2 Bc6 24. Nd4 Rf4 25. Rd1 Nc4 26. g3 Rf6 27. b3
Ne3 28. Rd2 Nxc2 29. Rxc2 Kf7 30. Re2 Rd6 31. Re5 g6 32. Kf2 Rd7 33. Ke3 Rd6
34. f4 Bd7 35. Nf3 h6 36. Kd4 Be6 37. Kc5 Rc6+ 38. Kb4 Rb6+ 39. Kc3 Rc6+ 40.
Kd2 Ra6 41. a4 Rd6 42. Nd4 Bd7 43. Kc3 a6 44. a5 Bh3 45. Kb4 Bg2 46. Kc5 Rf6
47. f5 gxf5 48. Rxf5 Be4 49. Rf4 Kg6 50. b4 Kg5 51. Rxf6 Kxf6 52. Kd6 Bg2 53.
Nb3 Kf5 54. Kc7 d4 55. Nxd4+ Ke4 56. Ne6 Ke5 57. Nc5 Kd4 58. Nxb7 Kc4 59. Kb6
Kxb4 60. Kxa6 Bxb7+ 61. Kxb7 Kxa5 62. Kc6 Kb4 63. Kd5 Kc3 64. Ke4 Kd2 65. Kf5
Ke3 66. Kg6 Kf3 67. Kxh6 1-0

[Event "XXXI Festival Conca della Presolana A"]
[Site "Bratto - Castione della Presolana ITA"]
[Date "2011.08.24"]
[Round "5"]
[White "Cugini, Verter"]
[Black "Attuati, Stefano"]
[Result "1/2-1/2"]
[WhiteElo "2053"]
[BlackElo "1963"]
[PlyCount "102"]
[EventDate "2011.08.20"]

1. e4 e6 2. d4 d5 3. Nd2 Be7 4. e5 c5 5. c3 cxd4 6. cxd4 Nc6 7. Ndf3 Qb6 8. Bd3
Bb4+ 9. Kf1 Bd7 10. Ne2 f6 11. Be3 Be7 12. b3 Nb4 13. a4 Nxd3 14. Qxd3 a6 15.
h4 Nh6 16. Bxh6 gxh6 17. Rh3 O-O-O 18. Rg3 fxe5 19. dxe5 Kb8 20. Ned4 Rhf8 21.
Rd1 Bc5 22. Rd2 Be8 23. Qxh7 Bb4 24. Rc2 Rf4 25. Qd3 Bh5 26. Qe3 Re4 27. Qd3
Rf8 28. Kg1 Bc5 29. Nxe6 Bxf2+ 30. Rxf2 Qxe6 31. Qf1 Rd8 32. Qd3 Bxf3 33. Qxf3
Qxe5 34. Rg4 Rxg4 35. Qxg4 Qe1+ 36. Rf1 Qe3+ 37. Kh1 Qxb3 38. Qf4+ Ka8 39. Qxh6
d4 40. Rf8 Qd5 41. Rxd8+ Qxd8 42. g3 d3 43. Qd2 Qd7 44. Kg1 Qd4+ 45. Kf1 Qe4
46. Kf2 Qd4+ 47. Kf3 Qf6+ 48. Ke4 Qg6+ 49. Kf3 Qf5+ 50. Ke3 Qe5+ 51. Kf3 Qf5+
1/2-1/2

[Event "XXXI Festival Conca della Presolana A"]
[Site "Bratto - Castione della Presolana ITA"]
[Date "2011.08.24"]
[Round "5"]
[White "David, Alberto"]
[Black "De La Villa Garcia, Jesus Maria"]
[Result "1/2-1/2"]
[WhiteElo "2609"]
[BlackElo "2490"]
[PlyCount "58"]
[EventDate "2011.08.20"]

1. d4 Nf6 2. c4 e6 3. Nc3 Bb4 4. e3 O-O 5. Bd3 d5 6. Nf3 c5 7. O-O cxd4 8. exd4
dxc4 9. Bxc4 b6 10. Bg5 Bb7 11. Rc1 Nbd7 12. Re1 Rc8 13. Qb3 Bxc3 14. Rxc3 h6
15. Bh4 Bd5 16. Nd2 Rc6 17. Qa4 Qc8 18. Ba6 b5 19. Rxc6 Bxc6 20. Bxb5 Bxb5 21.
Qxb5 Qc2 22. Nf1 Rb8 23. Re2 Qd1 24. Qc4 Nb6 25. Qc2 Qxd4 26. Bxf6 Qxf6 27. Qc7
Qd8 28. Qxd8+ Rxd8 29. g3 Rd1 1/2-1/2

[Event "XXXI Festival Conca della Presolana A"]
[Site "Bratto - Castione della Presolana ITA"]
[Date "2011.08.24"]
[Round "5"]
[White "De Florio, Federico"]
[Black "Mikalsen, Erlend"]
[Result "1-0"]
[WhiteElo "2176"]
[BlackElo "2037"]
[PlyCount "69"]
[EventDate "2011.08.20"]

1. d4 Nf6 2. Nf3 g6 3. Nc3 Bg7 4. e4 d6 5. h3 O-O 6. Be3 e5 7. dxe5 dxe5 8.
Qxd8 Rxd8 9. Bc4 Nc6 10. Ng5 Rd7 11. Bb5 Bf8 12. Nf3 Bb4 13. Bxc6 bxc6 14. Nxe5
Re7 15. Nxc6 Bxc3+ 16. bxc3 Rxe4 17. O-O Bd7 18. Nb4 Rc4 19. Bd4 Ne4 20. Rfe1
Nxc3 21. Bxc3 Rxc3 22. Nd5 Rxc2 23. Nf6+ Kg7 24. Nxd7 Rd8 25. Re7 c5 26. a4 c4
27. Rb1 c3 28. Rb7 Rb2 29. Rc7 c2 30. Kh2 Rb7 31. Ne5 c1=Q 32. Rxf7+ Kg8 33.
Rxc1 Rxf7 34. Nxf7 Kxf7 35. Rc7+ 1-0

[Event "XXXI Festival Conca della Presolana A"]
[Site "Bratto - Castione della Presolana ITA"]
[Date "2011.08.24"]
[Round "5"]
[White "De Santis, Alessio"]
[Black "Bellia, Fabrizio"]
[Result "1/2-1/2"]
[WhiteElo "2305"]
[BlackElo "2424"]
[PlyCount "56"]
[EventDate "2011.08.20"]

1. b3 d5 2. Bb2 Nf6 3. Nf3 e6 4. e3 Be7 5. d4 c5 6. dxc5 Bxc5 7. Nbd2 Nc6 8.
Be2 O-O 9. O-O Qe7 10. c4 Ba3 11. Bxa3 Qxa3 12. Qc1 Qe7 13. Qb2 e5 14. cxd5
Nxd5 15. Bb5 f6 16. Rac1 Bd7 17. Rfd1 Rfd8 18. Ne4 Be8 19. a3 Kh8 20. Ng3 Nc7
21. Be2 Bf7 22. Ne4 Rac8 23. Rxd8+ Rxd8 24. b4 Ne6 25. h3 Bg6 26. Nc5 Nxc5 27.
Rxc5 Qd6 28. Rc1 h6 1/2-1/2

[Event "XXXI Festival Conca della Presolana A"]
[Site "Bratto - Castione della Presolana ITA"]
[Date "2011.08.24"]
[Round "5"]
[White "Dritsakos, Alessio"]
[Black "Gasperoni, Stefano"]
[Result "1-0"]
[WhiteElo "2004"]
[BlackElo "2001"]
[PlyCount "109"]
[EventDate "2011.08.20"]

1. e4 e5 2. Nf3 Nc6 3. Bb5 a6 4. Ba4 Nf6 5. O-O Be7 6. Re1 b5 7. Bb3 d6 8. c3
O-O 9. h3 Na5 10. Bc2 c5 11. d4 Qc7 12. Nbd2 Nc6 13. d5 Nd8 14. Nf1 Ne8 15. g4
g6 16. Bh6 Ng7 17. Ng3 f6 18. Kg2 Nf7 19. Be3 Bd7 20. b3 Rfb8 21. Nd2 Ne8 22.
f4 exf4 23. Bxf4 Ne5 24. Nf3 Ng7 25. Rf1 Rf8 26. Qd2 Nf7 27. Rae1 Ne5 28. Re2
Rae8 29. Ref2 Qc8 30. Nxe5 fxe5 31. Bg5 Qd8 32. Rxf8+ Rxf8 33. Rxf8+ Qxf8 34.
Bxe7 Qxe7 35. g5 Qf7 36. b4 c4 37. Qe3 Bc8 38. Bd1 Ne8 39. Nf1 Qe7 40. Nh2 Ng7
41. Nf1 Qf8 42. Ng3 Bd7 43. Qb6 Qf4 44. Qd8+ Be8 45. Bg4 Qd2+ 46. Ne2 Qe3 47.
Qxd6 Qxe4+ 48. Kf2 Nf5 49. Qe6+ Bf7 50. Bxf5 gxf5 51. Qc8+ Kg7 52. d6 Bh5 53.
Qd7+ Kg6 54. Qe8+ Kxg5 55. Qxh5+ 1-0

[Event "XXXI Festival Conca della Presolana A"]
[Site "Bratto - Castione della Presolana ITA"]
[Date "2011.08.24"]
[Round "5"]
[White "Finocchiaro, Gianluca"]
[Black "Podini, Francesco"]
[Result "1/2-1/2"]
[WhiteElo "2115"]
[BlackElo "2033"]
[PlyCount "101"]
[EventDate "2011.08.20"]

1. d4 Nf6 2. Nc3 d5 3. e4 dxe4 4. f3 e3 5. Bxe3 e6 6. Bd3 Nbd7 7. f4 Bb4 8. a3
Be7 9. Nf3 O-O 10. O-O c5 11. Kh1 cxd4 12. Bxd4 Nc5 13. Bxc5 Bxc5 14. Qe2 g6
15. Rad1 Qc7 16. Ne5 a6 17. Qf3 b5 18. Ne4 Nd5 19. Nxc5 Qxc5 20. Be4 Rd8 21. f5
gxf5 22. Qg3+ Kf8 23. Qh4 Bb7 24. Qxh7 Qc7 25. Bxd5 Bxd5 26. Ng6+ Ke8 27. Qg8+
Kd7 28. Qxf7+ Kd6 29. Qxc7+ Kxc7 30. Nf4 Kc6 31. Nxd5 Rxd5 32. Rxd5 Kxd5 33.
Kg1 Rc8 34. c3 Rc4 35. Rd1+ Ke5 36. Rd8 a5 37. Ra8 a4 38. Ra5 Rc5 39. c4 Rxc4
40. Rxb5+ Kf6 41. Rb4 Rc2 42. Rxa4 Rxb2 43. Ra8 e5 44. a4 e4 45. a5 Ke5 46. a6
Ra2 47. g3 Kd4 48. h4 Ke3 49. h5 Kf3 50. h6 Rg2+ 51. Kf1 1/2-1/2

[Event "XXXI Festival Conca della Presolana A"]
[Site "Bratto - Castione della Presolana ITA"]
[Date "2011.08.24"]
[Round "5"]
[White "Formento, Paolo"]
[Black "Ranieri, Fabrizio"]
[Result "0-1"]
[WhiteElo "2024"]
[BlackElo "2299"]
[PlyCount "86"]
[EventDate "2011.08.20"]

1. e4 e6 2. d4 d5 3. Nd2 Nf6 4. e5 Nfd7 5. Bd3 c5 6. c3 Nc6 7. Ne2 cxd4 8. cxd4
f6 9. f4 fxe5 10. fxe5 Nxd4 11. O-O Qb6 12. Kh1 Nc6 13. Nf3 Ndxe5 14. Ng3 Nxd3
15. Qxd3 Bd7 16. Ng5 Be7 17. Nh5 O-O-O 18. Nf7 g6 19. Nxd8 Bxd8 20. Nf6 Bxf6
21. Rxf6 Qd4 22. Qxd4 Nxd4 23. Be3 Nc6 24. Bc5 e5 25. Rd1 d4 26. b4 a6 27. a4
b5 28. axb5 axb5 29. Ra1 Kb7 30. Rf7 Rd8 31. Be7 Be6 32. Rf6 Rd7 33. Rxe6 Rxe7
34. Rxe7+ Nxe7 35. Re1 Nc6 36. Kg1 Kc7 37. Rc1 Kd6 38. Rc5 d3 39. Rc3 Nxb4 40.
Kf2 e4 41. Rb3 Kc5 42. Ke3 Kc4 43. Rb1 Nd5+ 0-1

[Event "XXXI Festival Conca della Presolana A"]
[Site "Bratto - Castione della Presolana ITA"]
[Date "2011.08.24"]
[Round "5"]
[White "Guerra, Alessandro"]
[Black "Qendro, Llambi"]
[Result "1/2-1/2"]
[WhiteElo "2204"]
[BlackElo "2343"]
[PlyCount "60"]
[EventDate "2011.08.20"]

1. e4 g6 2. d4 Bg7 3. Nf3 d6 4. Bc4 Nf6 5. Nc3 O-O 6. O-O c6 7. Bb3 Qc7 8. e5
dxe5 9. Nxe5 Nbd7 10. Nd3 Nb6 11. Bf4 Qd8 12. Ne5 Nbd5 13. Nxd5 cxd5 14. Re1
Be6 15. a4 a5 16. Nd3 Bf5 17. Be5 Bxd3 18. Qxd3 e6 19. Qb5 b6 20. c3 Ne4 21.
Rad1 Rc8 22. Qe2 Bxe5 23. dxe5 Nc5 24. Bc2 f5 25. Rd4 Qe7 26. f3 Rb8 27. b4 Nd7
28. Qd2 Rfc8 29. Bb3 axb4 30. cxb4 Rc7 1/2-1/2

[Event "XXXI Festival Conca della Presolana A"]
[Site "Bratto - Castione della Presolana ITA"]
[Date "2011.08.24"]
[Round "5"]
[White "Indjic, Aleksandar"]
[Black "Recuero Guerra, David"]
[Result "0-1"]
[WhiteElo "2373"]
[BlackElo "2441"]
[PlyCount "56"]
[EventDate "2011.08.20"]

1. d4 Nf6 2. c4 e6 3. Nf3 d5 4. e3 c5 5. Nc3 dxc4 6. Bxc4 a6 7. a4 Nc6 8. O-O
Be7 9. Qe2 O-O 10. Rd1 Qc7 11. h3 Rd8 12. b3 cxd4 13. exd4 Na5 14. Ne5 Nxb3 15.
Bxb3 Qxc3 16. Rb1 Rxd4 17. Bd2 Qc7 18. Rbc1 Qd8 19. Be3 Rxd1+ 20. Rxd1 Qe8 21.
Qf3 a5 22. Bd4 Bd7 23. Qg3 Bxa4 24. Ng4 Nxg4 25. Qxg4 g6 26. Rb1 Bxb3 27. Rxb3
Qc6 28. Qf4 Bd6 0-1

[Event "XXXI Festival Conca della Presolana A"]
[Site "Bratto - Castione della Presolana ITA"]
[Date "2011.08.24"]
[Round "5"]
[White "Melia, Salome"]
[Black "Krzyzanowski, Marcin"]
[Result "1-0"]
[WhiteElo "2437"]
[BlackElo "2370"]
[PlyCount "93"]
[EventDate "2011.08.20"]

1. e4 e5 2. Nf3 Nc6 3. Bb5 Nf6 4. d3 d6 5. c3 Be7 6. Nbd2 O-O 7. O-O a6 8. Ba4
Nd7 9. Re1 Nb6 10. Bb3 Kh8 11. d4 exd4 12. Nxd4 Nxd4 13. cxd4 f5 14. e5 d5 15.
f4 Be6 16. Nf3 Nd7 17. Be3 Rc8 18. Rc1 c6 19. Bc2 Nb6 20. b3 Na8 21. Kh1 Nc7
22. Bd2 b6 23. b4 Qe8 24. Bd3 Ra8 25. Qc2 Bd7 26. e6 Nxe6 27. Bxf5 Nxf4 28.
Bxd7 Qxd7 29. Qxc6 Qxc6 30. Rxc6 Ng6 31. Rxg6 hxg6 32. Rxe7 Rac8 33. a4 Rc2 34.
Be1 Kg8 35. h4 Ra2 36. a5 bxa5 37. bxa5 Rf7 38. Re3 Ra4 39. Kh2 Rf4 40. Ng5 Rf8
41. Re7 Rc8 42. Ne6 Ra2 43. Rxg7+ Kh8 44. Rxg6 Rcc2 45. Bb4 Kh7 46. Nf8+ Kh8
47. Bd6 1-0

[Event "XXXI Festival Conca della Presolana A"]
[Site "Bratto - Castione della Presolana ITA"]
[Date "2011.08.24"]
[Round "5"]
[White "Nepi, Ezio"]
[Black "Bonade', Massimo"]
[Result "0-1"]
[WhiteElo "1930"]
[BlackElo "2079"]
[PlyCount "60"]
[EventDate "2011.08.20"]

1. d4 Nf6 2. c4 e6 3. Nc3 Bb4 4. Qc2 O-O 5. a3 Bxc3+ 6. Qxc3 d5 7. Bg5 h6 8.
Bh4 g5 9. Bg3 Ne4 10. Qc2 c5 11. O-O-O cxd4 12. Nf3 Nc6 13. Nxd4 Nxd4 14. Rxd4
Qf6 15. e3 Bd7 16. f3 Nxg3 17. hxg3 Kg7 18. Qd1 Rac8 19. Kb1 Bc6 20. f4 dxc4
21. Rh5 Rfd8 22. fxg5 hxg5 23. Qg4 Rxd4 24. exd4 Qxf1+ 25. Ka2 f6 26. Qxe6 Re8
27. Qh3 Qd3 28. Qh1 Bd5 29. Qc1 c3+ 30. Ka1 cxb2+ 0-1

[Event "XXXI Festival Conca della Presolana A"]
[Site "Bratto - Castione della Presolana ITA"]
[Date "2011.08.24"]
[Round "5"]
[White "O'Leary, Matt"]
[Black "Osuna Munoz, Xavier"]
[Result "0-1"]
[WhiteElo "1953"]
[BlackElo "2104"]
[PlyCount "68"]
[EventDate "2011.08.20"]

1. Nf3 e6 2. c4 f5 3. d4 Nf6 4. g3 d5 5. Bg2 c6 6. Nbd2 Bd6 7. O-O O-O 8. Ne5
Bxe5 9. dxe5 Ne4 10. cxd5 exd5 11. Nb3 Nd7 12. f3 Nec5 13. Nxc5 Nxc5 14. Be3
Ne6 15. f4 b6 16. Qc2 Bb7 17. b4 Qd7 18. Rad1 g6 19. Qb3 Ba6 20. Rd2 Qe7 21. b5
Bxb5 22. Bxd5 Rfe8 23. Rfd1 Kf8 24. Bf3 Nc5 25. Qc2 Ne4 26. Bxe4 fxe4 27. Qxe4
c5 28. a4 Ba6 29. Rd7 Qe6 30. R1d6 Qc4 31. Rf6+ Kg8 32. Rxg6+ Kh8 33. Rh6 Qxe4
34. Bf2 Bb7 0-1

[Event "XXXI Festival Conca della Presolana A"]
[Site "Bratto - Castione della Presolana ITA"]
[Date "2011.08.24"]
[Round "5"]
[White "Panchanathan, Magesh Chandran"]
[Black "Juhasz, Kristof"]
[Result "1/2-1/2"]
[WhiteElo "2556"]
[BlackElo "2334"]
[PlyCount "93"]
[EventDate "2011.08.20"]

1. d4 Nf6 2. c4 e6 3. g3 d5 4. Nf3 Bb4+ 5. Bd2 Be7 6. Bg2 O-O 7. Qc2 c6 8. O-O
Nbd7 9. Rd1 Ne4 10. Bf4 f5 11. Ne5 g5 12. Nxd7 Bxd7 13. Be5 Be8 14. Nd2 Bg6 15.
Qb3 Qb6 16. Qe3 h6 17. f4 gxf4 18. Bxf4 h5 19. Nf3 Kh7 20. Ne5 Be8 21. Bxe4
fxe4 22. Rf1 c5 23. Bg5 cxd4 24. Rxf8 dxe3 25. Bxe7 Qxb2 26. Bf6 Qxa1+ 27. Kg2
Qxe5 28. Bxe5 dxc4 29. h4 Rc8 30. g4 c3 31. Rh8+ Kg6 32. gxh5+ Kf5 33. Bd4 Bd7
34. Rh7 c2 35. Bxe3 Bb5 36. Rf7+ Kg4 37. h6 Bxe2 38. h7 Bf3+ 39. Kf2 Kxh4 40.
Rg7 Rh8 41. Bg5+ Kh5 42. Bc1 Kh4 43. Rxb7 Bg4 44. Bb2 c1=Q 45. Bxc1 Bf5 46.
Rxa7 Rxh7 47. Rxh7+ 1/2-1/2

[Event "XXXI Festival Conca della Presolana A"]
[Site "Bratto - Castione della Presolana ITA"]
[Date "2011.08.24"]
[Round "5"]
[White "Pantaleoni, Claudio"]
[Black "Getz, Nicolai"]
[Result "0-1"]
[WhiteElo "2166"]
[BlackElo "2385"]
[PlyCount "50"]
[EventDate "2011.08.20"]

1. d4 Nf6 2. c4 d6 3. Nc3 Nbd7 4. Nf3 e5 5. Bg5 c6 6. e3 Be7 7. Qc2 Qa5 8. Bh4
exd4 9. Nxd4 Ne5 10. Be2 O-O 11. O-O Ng6 12. Bg3 h5 13. h3 Qg5 14. Rad1 Rd8 15.
Nf3 Qh6 16. Rd2 h4 17. Bh2 Be6 18. Nd4 d5 19. Rfd1 Bb4 20. Bf3 Qg5 21. Nxe6
fxe6 22. a3 Bd6 23. Bxd6 Rxd6 24. Ne4 dxe4 25. Rxd6 exf3 0-1

[Event "XXXI Festival Conca della Presolana A"]
[Site "Bratto - Castione della Presolana ITA"]
[Date "2011.08.24"]
[Round "5"]
[White "Pedzich, Dominik"]
[Black "Vrhovnik, Damir"]
[Result "1-0"]
[WhiteElo "2418"]
[BlackElo "2082"]
[PlyCount "57"]
[EventDate "2011.08.20"]

1. e4 c5 2. Nf3 d6 3. Bb5+ Nd7 4. d4 cxd4 5. Qxd4 a6 6. Bxd7+ Bxd7 7. Bg5 Rc8
8. Nc3 h6 9. Bh4 e5 10. Qd3 g5 11. Bg3 Nf6 12. h4 g4 13. Nd2 Be6 14. O-O-O b5
15. Kb1 Qc7 16. Rhe1 Be7 17. a3 Qc5 18. Nb3 Qc4 19. Na5 Qc7 20. Nb3 Bc4 21. Qd2
a5 22. Nd5 Nxd5 23. exd5 b4 24. Bxe5 Kf8 25. axb4 axb4 26. Bf4 Kg7 27. Re4 Kg8
28. Bxh6 Qd8 29. Rde1 1-0

[Event "XXXI Festival Conca della Presolana A"]
[Site "Bratto - Castione della Presolana ITA"]
[Date "2011.08.24"]
[Round "5"]
[White "Reinaldo Castineira, Roi"]
[Black "Janczarski, Michal"]
[Result "1-0"]
[WhiteElo "2492"]
[BlackElo "2316"]
[PlyCount "109"]
[EventDate "2011.08.20"]

1. d4 g6 2. e4 c6 3. Nc3 d5 4. Nf3 Bg7 5. h3 Nf6 6. e5 Ne4 7. Nxe4 dxe4 8. Ng5
c5 9. Bc4 O-O 10. c3 cxd4 11. cxd4 b5 12. Bb3 Bb7 13. e6 f5 14. d5 Na6 15. Nf7
Qa5+ 16. Bd2 b4 17. Be3 Nc5 18. Bxc5 Qxc5 19. Rc1 Qb6 20. d6 e3 21. O-O exf2+
22. Kh1 Ba6 23. d7 Bxf1 24. Qxf1 Qe3 25. Rd1 Bd4 26. Bc4 Bb6 27. Rd3 Qe1 28.
Rd1 Qxf1+ 29. Rxf1 Rxf7 30. exf7+ Kg7 31. g3 e5 32. Kg2 Rd8 33. Rd1 Bd4 34. Be6
Kf6 35. Rc1 Kxe6 36. Rc8 Kxf7 37. Rxd8 Ke7 38. Rh8 Kxd7 39. Rxh7+ Ke6 40. Rg7
Kf6 41. Rb7 Bb6 42. h4 e4 43. Kf1 e3 44. a4 g5 45. a5 Bxa5 46. Rxa7 gxh4 47.
Ra6+ Kg5 48. gxh4+ Kxh4 49. Rxa5 f4 50. Kg2 Kg4 51. Rb5 f3+ 52. Kf1 Kf4 53. Rb8
Kg3 54. Rg8+ Kf4 55. Re8 1-0